| 000 | 02555nas a2200325 i 4500 | ||
|---|---|---|---|
| 001 | 172982 | ||
| 003 | ES-MaACL | ||
| 005 | 20251108164634.0 | ||
| 007 | t| | ||
| 008 | 091001d1914 sp a| | ||pa d | ||
| 080 | _a3 : 061.12(460) | ||
| 110 | 2 |
_aReal Academia de Ciencias Morales y Políticas (España) _9222050 |
|
| 245 | 1 | 0 |
_aDiscursos de recepción leídos en la Real Academia de Ciencias Morales y Políticas _g1914. |
| 260 |
_aMadrid : _b[s. n.], _c1914 (Est. Tip. de Jaime Ratés) |
||
| 300 |
_a1 v. ; _c26 cm. |
||
| 505 | 8 | 0 | _aContiene: Tomo IX: Justicia social / Eduardo Dato Iradier (170 p.). Contestación / Amós Salvador y Rodrigáñez (p. 171-186). La actual orientación del derecho penal y de la lucha contra el delito / Félix de Aramburu y Zuloaga (p. 187-271). Contestación / Eduardo Sanz y Escartín (p. 272-293). Las modernas ideas de organización social y nuestras antiguas leyes y costumbres / Javier Ugarte y Pagés (p. 295-368). Contestación / Vicente Santamaría de Paredes (p. 369-384). La ley mercantil como lazo de unión entre España y las repúblicas hispano-americanas / Faustino Álvarez del Manzano y Álvarez Rivera (p. 385-434). Contestación / Francisco Javier González de Cestejón y Elío, Marqués de Vadillo (p. 435-449). De la educación moral / Juan Armada Losada (p. 451-524). Contestación / Javier Ugarte y Pagés (p. 525-544). Problemas urgentes de la primera enseñanza en España / Rafael Altamira y Crevea (p. 545-622). Contestación / Amós Salvador y Rodrigáñez (p. 623-643). Una tradición jurídica española: la autoridad paterna como el poder conjunto y solidario del padre y de la madre / Rafael de Ureña y Smenjaud (p. 645-707). Contestación / Félix de Aramburu y Zuloaga (p. 709-729). |
| 700 | 1 |
_aGonzález de Castejón y Elío, Francisco Javier, _cMarqués de Vadillo _958534 |
|
| 700 | 1 |
_aDato, Eduardo, _d1856-1921 _942789 |
|
| 700 | 1 |
_aSalvador y Rodrigáñez, Amós, _d1845-1922 _9102102 |
|
| 700 | 1 |
_aAramburu y Zuloaga, Félix de, _d1848-1913 _922232 |
|
| 700 | 1 |
_aSanz y Escartín, Eduardo, _d1855-1939 _9103695 |
|
| 700 | 1 |
_aUgarte y Pagés, Javier. _9111900 |
|
| 700 | 1 |
_aSantamaría de Paredes, Vicente, _d1853-1924 _9103306 |
|
| 700 | 1 |
_aAlvarez del Manzano y Alvarez Rivera, Faustino. _920790 |
|
| 700 | 1 |
_aFigueroa, Juan Armada y Losada, _cMarqués de, _d1861-1932 _950781 |
|
| 700 | 1 |
_aAltamira, Rafael, _d1866-1951 _920515 |
|
| 700 | 1 |
_aUreña y Smenjaud, Rafael de, _d1852-1930 _9112127 |
|
| 852 |
_aES-MaACL _jK-191 |
||
| 999 |
_c172982 _d172982 |
||